[Event "6. ODEM U25 2009"]
[Site "Willingen GER"]
[Date "2009.06.04"]
[Round "7"]
[White "Seidler, Lukas"]
[Black "Takeuchi, Eiki"]
[Result "1-0"]
[Termination "normal"]
[Board "13"]
[WhiteElo "1805"]
[BlackElo "1882"]
[PlyCount "91"]
[WhiteFideId "12900095"]
[BlackFideId "24663751"]
[EventCountry "GER"]
[EventRounds "9"]
[EventType "swiss"]
[EventDate "2009.05.30"]

1. d4 Nf6 2. Nf3 g6 3. c4 Bg7 4. Nc3 d6 5. Bg5 Nbd7 6. Qd2 O-O 7. h4 c5 8. d5
a6 9. Bh6 Ne5 10. Nxe5 dxe5 11. Bxg7 Kxg7 12. h5 Nxh5 13. Rxh5 gxh5 14. Qg5+
Kh8 15. Qxe5+ f6 16. Qxh5 Bd7 17. e3 Be8 18. Qh6 Bg6 19. Be2 Qd7 20. O-O-O Qf5
21. Bd3 Qg5 22. Qxg5 fxg5 23. Bxg6 hxg6 24. Ne4 Kg7 25. f3 g4 26. Nxc5 Rfc8 27.
Ne6+ Kf6 28. b3 gxf3 29. gxf3 Rh8 30. Rd2 Rh3 31. Nd4 Ke5 32. Kc2 Rah8 33. Kd3
g5 34. Rg2 R8h5 35. Rg4 R3h4 36. f4+ gxf4 37. Nf3+ Kf5 38. Rxh4 Rxh4 39. Nxh4+
Kg4 40. exf4 Kxh4 41. c5 Kg4 42. Ke4 Kh5 43. c6 bxc6 44. dxc6 Kg6 45. c7 Kf7
46. c8=Q 1-0

[Event "6. ODEM U25 2009"]
[Site "Willingen GER"]
[Date "2009.06.04"]
[Round "7"]
[White "Wild, Achim"]
[Black "Wenninger, Philipp"]
[Result "1-0"]
[Termination "normal"]
[Board "14"]
[WhiteElo "1947"]
[BlackElo "1984"]
[PlyCount "121"]
[WhiteFideId "4658728"]
[BlackFideId "4648404"]
[EventCountry "GER"]
[EventRounds "9"]
[EventType "swiss"]
[EventDate "2009.05.30"]

1. e4 e6 2. d4 d5 3. exd5 exd5 4. c4 Nf6 5. Nc3 c6 6. Bd3 Be6 7. cxd5 Nxd5 8.
Nf3 Be7 9. O-O Nd7 10. Re1 O-O 11. Ne4 h6 12. a3 N7f6 13. Nc5 Bxc5 14. dxc5 Qc7
15. Qc2 Rad8 16. b4 Nf4 17. Bf1 N6d5 18. Bb2 Qc8 19. Be5 Bf5 20. Qc4 Ng6 21.
Bd6 Rfe8 22. Nd4 Be6 23. Nxe6 Rxe6 24. Rxe6 Qxe6 25. Qd4 Ndf4 26. Qe3 Qf6 27.
Re1 Nd5 28. Qb3 Qg5 29. g3 Nf6 30. Bc4 Rd7 31. Qe3 Qh5 32. Kg2 Qg4 33. Bd3 Nh4+
34. Kh1 Nf5 35. f3 Qh3 36. Qe5 Nxd6 37. cxd6 Qe6 38. Qxe6 fxe6 39. Rxe6 Kf7 40.
Bf5 Ne8 41. Rxh6 Rxd6 42. Rxd6 Nxd6 43. Bd3 Ke6 44. Kg2 Kd5 45. Kf2 Kd4 46. Bg6
Nb5 47. a4 Nc3 48. Bc2 Kc4 49. h4 Nd5 50. h5 Nxb4 51. Be4 Kd4 52. g4 Ke5 53. g5
Na6 54. f4+ Ke6 55. f5+ Kf7 56. Bd3 Nc5 57. Bc4+ Kf8 58. Ke3 Ke7 59. f6+ Kf8
60. h6 gxh6 61. g6 1-0

[Event "6. ODEM U25 2009"]
[Site "Willingen GER"]
[Date "2009.06.04"]
[Round "7"]
[White "Müller, Jan-Hendrik"]
[Black "Nekrasova, Kateryna"]
[Result "1-0"]
[Termination "normal"]
[Board "15"]
[WhiteElo "2090"]
[BlackElo "1833"]
[PlyCount "45"]
[WhiteFideId "24615048"]
[BlackFideId "24636266"]
[EventCountry "GER"]
[EventRounds "9"]
[EventType "swiss"]
[EventDate "2009.05.30"]

1. e4 c6 2. d4 d5 3. Nc3 dxe4 4. Nxe4 Bf5 5. Ng3 Bg6 6. Nf3 Nd7 7. Bd3 Bxd3 8.
Qxd3 Ngf6 9. Bf4 Qa5+ 10. c3 e6 11. O-O Nd5 12. Bd2 Qc7 13. c4 N5f6 14. Rfe1
Bd6 15. d5 e5 16. dxc6 bxc6 17. Nf5 Be7 18. Nxg7+ Kf8 19. Bh6 Kg8 20. Nf5 Nc5
21. Nxe7+ Qxe7 22. Qf5 Ne6 23. Rxe5 1-0

[Event "6. ODEM U25 2009"]
[Site "Willingen GER"]
[Date "2009.06.04"]
[Round "7"]
[White "Stemmler, Lysan"]
[Black "Eidner, Falk"]
[Result "0-1"]
[Termination "normal"]
[Board "16"]
[WhiteElo "1856"]
[BlackElo "2006"]
[PlyCount "64"]
[WhiteFideId "24622451"]
[BlackFideId "24634557"]
[EventCountry "GER"]
[EventRounds "9"]
[EventType "swiss"]
[EventDate "2009.05.30"]

1. e4 e6 2. d4 d5 3. Nc3 Bb4 4. e5 c5 5. a3 Bxc3+ 6. bxc3 Ne7 7. Qg4 Qc7 8.
Qxg7 Rg8 9. Qxh7 cxd4 10. Ne2 Nbc6 11. f4 Bd7 12. Qd3 dxc3 13. Nxc3 a6 14. h4
Nf5 15. Rh3 Rc8 16. Bd2 Nce7 17. h5 Nh6 18. Rb1 Nef5 19. g3 b5 20. Be2 Qc5 21.
Kf1 Bc6 22. Nd1 d4 23. g4 Nxg4 24. Bxg4 Rxg4 25. Rh2 Be4 26. Qb3 Bxc2 27. Qf3
Rg3 28. Qb7 Bxb1 29. h6 Ne3+ 30. Kf2 Rg8 31. Bxe3 dxe3+ 32. Nxe3 Bh7 0-1

[Event "6. ODEM U25 2009"]
[Site "Willingen GER"]
[Date "2009.06.04"]
[Round "7"]
[White "Kempe, Markus"]
[Black "Thananbalasingam, Ajandhan"]
[Result "0-1"]
[Termination "normal"]
[Board "17"]
[WhiteElo "1348"]
[BlackElo "1926"]
[PlyCount "98"]
[WhiteFideId "24692638"]
[EventCountry "GER"]
[EventRounds "9"]
[EventType "swiss"]
[EventDate "2009.05.30"]

1. e4 c5 2. Nf3 d6 3. d4 cxd4 4. Nxd4 Nf6 5. Nc3 a6 6. Bg5 e6 7. f4 Qc7 8. Qf3
b5 9. a3 Nbd7 10. O-O-O Bb7 11. Bd3 Qb6 12. Nb3 g6 13. Rhe1 Bg7 14. g4 Rc8 15.
Qh3 h5 16. gxh5 Rxc3 17. bxc3 Nxh5 18. Qe3 Bxc3 19. Qxb6 Nxb6 20. Re3 Na4 21.
f5 f6 22. Bh4 g5 23. Bg3 e5 24. Be1 Nf4 25. Bxb5+ axb5 26. Bxc3 Nxc3 27. Rxc3
Ne2+ 28. Kb2 Nxc3 29. Kxc3 Ke7 30. Nd2 Rxh2 31. Rb1 Bc6 32. Rg1 Rh4 33. Kd3
Rh3+ 34. Ke2 Rxa3 35. Rg4 Be8 36. Rg2 Bh5+ 37. Kf2 Rc3 38. Nb3 Rxc2+ 39. Kf1
Rxg2 40. Kxg2 Bd1 41. Nd2 b4 42. Kf2 b3 43. Nc4 Kd7 44. Nb2 Bc2 45. Kf3 Kc6 46.
Ke3 Kb5 47. Kf3 Kb4 48. Ke3 g4 49. Kf2 Bxe4 0-1

[Event "6. ODEM U25 2009"]
[Site "Willingen GER"]
[Date "2009.06.04"]
[Round "7"]
[White "Müller, Philipp"]
[Black "Schmidt, Matthias"]
[Result "1/2-1/2"]
[Termination "normal"]
[Board "18"]
[WhiteElo "1870"]
[BlackElo "1803"]
[PlyCount "34"]
[WhiteFideId "24683701"]
[BlackFideId "12900168"]
[EventCountry "GER"]
[EventRounds "9"]
[EventType "swiss"]
[EventDate "2009.05.30"]

1. e4 e5 2. Nf3 Nf6 3. Nc3 Nc6 4. Bc4 Nxe4 5. Bxf7+ Kxf7 6. Nxe4 d5 7. Neg5+
Kg8 8. d3 h6 9. Nh3 Qf6 10. Nhg1 Kh7 11. Be3 Be7 12. d4 Qg6 13. Nxe5 Nxe5 14.
dxe5 Bf5 15. Ne2 Bxc2 16. Qd2 Be4 17. Nf4 Qa6 1/2-1/2

[Event "6. ODEM U25 2009"]
[Site "Willingen GER"]
[Date "2009.06.04"]
[Round "7"]
[White "Becker, Carsten"]
[Black "Windjäger, Gerd"]
[Result "1-0"]
[Termination "normal"]
[Board "19"]
[WhiteElo "1995"]
[BlackElo "1782"]
[PlyCount "51"]
[WhiteFideId "24646822"]
[EventCountry "GER"]
[EventRounds "9"]
[EventType "swiss"]
[EventDate "2009.05.30"]

1. d4 Nf6 2. Nf3 d5 3. e3 g6 4. h3 Bg7 5. Bd3 O-O 6. Nbd2 c5 7. b3 b6 8. Bb2
Bb7 9. O-O Nbd7 10. Rc1 Ne4 11. Qe2 e6 12. Rfd1 f5 13. Ne5 Nxe5 14. dxe5 Qc7
15. f4 Rfd8 16. Bxe4 dxe4 17. Nf1 a5 18. g4 Ba6 19. c4 Rxd1 20. Rxd1 Rd8 21.
gxf5 gxf5 22. Ng3 Rxd1+ 23. Qxd1 b5 24. Nh5 bxc4 25. Qd6 Qc8 26. Qe7 1-0

[Event "6. ODEM U25 2009"]
[Site "Willingen GER"]
[Date "2009.06.04"]
[Round "7"]
[White "Yin, Zixiao"]
[Black "Frischmann, Rick"]
[Result "0-1"]
[Termination "normal"]
[Board "20"]
[WhiteElo "1932"]
[BlackElo "1685"]
[PlyCount "56"]
[WhiteFideId "24622729"]
[BlackFideId "24660752"]
[EventCountry "GER"]
[EventRounds "9"]
[EventType "swiss"]
[EventDate "2009.05.30"]

1. g3 g6 2. c3 Bg7 3. Na3 e5 4. d3 Ne7 5. Bg2 O-O 6. Nf3 d5 7. O-O f5 8. Bg5 c6
9. e4 h6 10. Bxe7 Qxe7 11. exd5 cxd5 12. Nh4 Qf7 13. Qb3 e4 14. dxe4 dxe4 15.
Nxg6 Be6 16. Qb4 Qxg6 17. Qxb7 Nd7 18. Rad1 Nc5 19. Qb5 Rac8 20. Rd6 Be5 21.
Rd2 Qe8 22. Qe2 Qa4 23. Qh5 Bg7 24. Rd6 Rfd8 25. Rxd8+ Rxd8 26. Bh3 Qd7 27. Nc2
Qf7 28. Qe2 Bc4 0-1

[Event "6. ODEM U25 2009"]
[Site "Willingen GER"]
[Date "2009.06.04"]
[Round "7"]
[White "Stövesand, Eric"]
[Black "Gefnider, Andreas"]
[Result "1-0"]
[Termination "normal"]
[Board "21"]
[WhiteElo "1805"]
[BlackElo "1653"]
[PlyCount "120"]
[WhiteFideId "24651117"]
[BlackFideId "12900176"]
[EventCountry "GER"]
[EventRounds "9"]
[EventType "swiss"]
[EventDate "2009.05.30"]

1. e4 e5 2. Nf3 Nc6 3. Bb5 a6 4. Ba4 b5 5. Bb3 Nf6 6. O-O Bc5 7. Re1 O-O 8. c3
d6 9. h3 Be6 10. d4 Bxb3 11. axb3 exd4 12. cxd4 Bb4 13. Nc3 h6 14. Bd2 Re8 15.
Qc2 Nd7 16. Rac1 Rc8 17. Nxb5 Bxd2 18. Qxd2 axb5 19. Rxc6 Nf6 20. Qc2 Qd7 21.
Re3 Re7 22. Nd2 Ne8 23. Rg3 Qe6 24. Qd3 Rb8 25. Qc3 f6 26. Rf3 g6 27. Qe3 Kg7
28. Rg3 Qd7 29. d5 f5 30. e5 Rxe5 31. Rxg6+ Kxg6 32. Qxe5 Nf6 33. Qd4 Rb7 34.
Rc3 Qf7 35. Re3 Rb8 36. Nf3 Ne4 37. Nh4+ Kh7 38. Rf3 Ng5 39. Rxf5 Qe7 40. Qe3
Qg7 41. Qc3 Qe7 42. Nf3 Nf7 43. Qd3 Kg7 44. Qd4+ Kh7 45. Qf4 Rf8 46. Nd2 Qe1+
47. Kh2 Qe7 48. Ne4 Kg7 49. Qg4+ Kh8 50. Qf4 Kg7 51. f3 Ne5 52. Qg3+ Kh7 53.
Rxf8 Qxf8 54. Nc3 Qf7 55. Qh4 Nd3 56. Qe4+ Qg6 57. Nxb5 Nxb2 58. Nxc7 Nd1 59.
Nb5 Nf2 60. Qxg6+ Kxg6 1-0

[Event "6. ODEM U25 2009"]
[Site "Willingen GER"]
[Date "2009.06.04"]
[Round "7"]
[White "Ehlers, Michael"]
[Black "Reksten, Daniel"]
[Result "1-0"]
[Termination "normal"]
[Board "22"]
[WhiteElo "1993"]
[BlackElo "1638"]
[PlyCount "97"]
[WhiteFideId "4674537"]
[BlackFideId "24692590"]
[EventCountry "GER"]
[EventRounds "9"]
[EventType "swiss"]
[EventDate "2009.05.30"]

1. e4 c6 2. d4 d5 3. exd5 cxd5 4. Bd3 Nc6 5. c3 Nf6 6. Bf4 Bg4 7. Qb3 Qd7 8.
Nd2 e6 9. Ngf3 Be7 10. Ne5 Nxe5 11. dxe5 Qc7 12. exf6 Qxf4 13. Qb5+ Kf8 14.
fxe7+ Kxe7 15. Qb4+ Qxb4 16. cxb4 Rac8 17. f3 Bh5 18. Nb3 Kd6 19. Kd2 Bg6 20.
Rac1 f6 21. Rc3 Bxd3 22. Kxd3 Rce8 23. Rhc1 Re7 24. a4 e5 25. Nd2 Rd8 26. b5 g6
27. a5 f5 28. a6 b6 29. Rc6+ Kd7 30. Nf1 Ke8 31. Rc8 Red7 32. R1c7 Rxc8 33.
Rxc8+ Ke7 34. Rh8 Kd6 35. b4 Ke6 36. Rb8 Kd6 37. Ne3 f4 38. Ng4 h5 39. Nf2 Rg7
40. Rd8+ Ke6 41. Nd1 Rd7 42. Re8+ Kf5 43. Rf8+ Ke6 44. Nc3 g5 45. Rb8 Re7 46.
Rb7 d4 47. Rxe7+ Kxe7 48. Nd5+ Ke6 49. Nxb6 1-0

[Event "6. ODEM U25 2009"]
[Site "Willingen GER"]
[Date "2009.06.04"]
[Round "7"]
[White "Schneider, Johannes"]
[Black "Kropman, Alexei"]
[Result "1/2-1/2"]
[Termination "normal"]
[Board "23"]
[WhiteElo "1775"]
[BlackElo "1964"]
[PlyCount "42"]
[WhiteFideId "24687260"]
[BlackFideId "24670723"]
[EventCountry "GER"]
[EventRounds "9"]
[EventType "swiss"]
[EventDate "2009.05.30"]

1. d4 d5 2. c4 c6 3. Nc3 Nf6 4. Nf3 e6 5. Bg5 dxc4 6. e3 b5 7. a4 Bb4 8. Qc1
Bb7 9. axb5 cxb5 10. b3 Qc7 11. Bxf6 gxf6 12. bxc4 bxc4 13. Nd2 Nd7 14. Qb2 a5
15. f3 Nb6 16. Rc1 Rc8 17. Qc2 Qd7 18. Kf2 Nd5 19. Nde4 Bxc3 20. Nxc3 Nb4 21.
Qa4 Qxa4 1/2-1/2

[Event "6. ODEM U25 2009"]
[Site "Willingen GER"]
[Date "2009.06.04"]
[Round "7"]
[White "Neitzel, Mirko"]
[Black "Holle, Cedric"]
[Result "0-1"]
[Termination "normal"]
[Board "24"]
[WhiteElo "1810"]
[BlackElo "1701"]
[PlyCount "44"]
[WhiteFideId "24657298"]
[BlackFideId "24692158"]
[EventCountry "GER"]
[EventRounds "9"]
[EventType "swiss"]
[EventDate "2009.05.30"]

1. c4 c6 2. Nf3 d5 3. e3 Nf6 4. Qc2 Bg4 5. Ne5 Bh5 6. b3 Nbd7 7. Nxd7 Qxd7 8.
Bb2 Bg6 9. Bd3 Qg4 10. O-O e6 11. h3 Qg5 12. Bxg6 hxg6 13. Bxf6 gxf6 14. d4
Rxh3 15. f4 Qg3 16. cxd5 Qh2+ 17. Kf2 Rg3 18. Rg1 Rxe3 19. Kxe3 Qxg1+ 20. Kf3
exd5 21. Qc3 Qf1+ 22. Kg3 Bd6 0-1

[Event "6. ODEM U25 2009"]
[Site "Willingen GER"]
[Date "2009.06.04"]
[Round "7"]
[White "Valet, Alexander"]
[Black "Lebeda, Timo"]
[Result "1-0"]
[Termination "normal"]
[Board "25"]
[WhiteElo "1550"]
[BlackElo "1942"]
[PlyCount "71"]
[WhiteFideId "24682560"]
[BlackFideId "4638565"]
[EventCountry "GER"]
[EventRounds "9"]
[EventType "swiss"]
[EventDate "2009.05.30"]

1. e4 c5 2. Nf3 d6 3. d4 cxd4 4. Nxd4 Nf6 5. Nc3 a6 6. Be2 e6 7. Be3 Be7 8. O-O
Nbd7 9. f4 Qc7 10. Bf3 Rb8 11. f5 Ne5 12. fxe6 fxe6 13. Bh5+ g6 14. Be2 b5 15.
a3 Bd7 16. Bh6 Rg8 17. Bg5 Rf8 18. Rf2 Qc5 19. Be3 Nc4 20. Bxc4 bxc4 21. Nf5
Qc6 22. Nxe7 Kxe7 23. Qf1 Rf7 24. Kh1 Rbf8 25. Bh6 Ng4 26. Bxf8+ Rxf8 27. Rxf8
Be8 28. Rf3 Qb6 29. Rb1 Qd4 30. Qg1 Qd2 31. Rbf1 Ne5 32. Rh3 h5 33. Qf2 Qg5 34.
Qf4 Nf3 35. Rhxf3 Qg4 36. Qxg4 1-0

[Event "6. ODEM U25 2009"]
[Site "Willingen GER"]
[Date "2009.06.04"]
[Round "7"]
[White "Azizi, Nassim"]
[Black "Durmisi, Valon"]
[Result "1/2-1/2"]
[Termination "normal"]
[Board "26"]
[WhiteElo "1692"]
[BlackElo "1619"]
[PlyCount "141"]
[WhiteFideId "4608119"]
[EventCountry "GER"]
[EventRounds "9"]
[EventType "swiss"]
[EventDate "2009.05.30"]

1. d4 d5 2. c4 e6 3. Nc3 Nf6 4. Bg5 Be7 5. Nf3 h6 6. Bh4 O-O 7. cxd5 Nxd5 8.
Bxe7 Qxe7 9. Nxd5 exd5 10. Qb3 c6 11. e3 Nd7 12. Bd3 Nf6 13. O-O Ne4 14. Qc2
Qf6 15. Bxe4 dxe4 16. Qxe4 Be6 17. Qc2 Rfe8 18. e4 Rad8 19. Qa4 a6 20. Rfe1 Re7
21. Qa5 Rde8 22. Qc5 Bh3 23. e5 Qg6 24. Nh4 Qg4 25. Re3 Qxh4 26. Rxh3 Qf4 27.
Rd1 Rd7 28. Rdd3 Red8 29. Rhf3 Qe4 30. Rfe3 Qg6 31. Qc3 Rxd4 32. Rxd4 Rxd4 33.
g3 Rd1+ 34. Kg2 Qe6 35. Qb3 Qd7 36. e6 fxe6 37. Rxe6 Qd5+ 38. Qxd5 Rxd5 39. Kf3
Rd2 40. Re2 Rd5 41. Re4 Kf7 42. Ke3 Rb5 43. b3 Rd5 44. Rd4 Ke6 45. Rxd5 cxd5
46. Kd4 g5 47. f3 Kd6 48. a4 a5 49. Kc3 Ke5 50. Kd3 Kd6 51. Kd4 Ke6 52. f4 gxf4
53. gxf4 Kf5 54. Kxd5 Kxf4 55. Kc5 Kg4 56. Kb5 Kh3 57. Kxa5 Kxh2 58. Kb6 Kg3
59. Kxb7 h5 60. a5 h4 61. b4 h3 62. b5 h2 63. b6 h1=Q+ 64. Ka7 Qg1 65. a6 Qd4
66. Ka8 Qxb6 67. a7 Qd6 68. Kb7 Qd7+ 69. Kb8 Qd8+ 70. Kb7 Qd7+ 71. Kb8 1/2-1/2

[Event "6. ODEM U25 2009"]
[Site "Willingen GER"]
[Date "2009.06.04"]
[Round "7"]
[White "Paulus, Jeffrey"]
[Black "Rummer, Martin"]
[Result "0-1"]
[Termination "normal"]
[Board "27"]
[WhiteElo "1917"]
[BlackElo "1589"]
[PlyCount "60"]
[WhiteFideId "24692468"]
[BlackFideId "12900184"]
[EventCountry "GER"]
[EventRounds "9"]
[EventType "swiss"]
[EventDate "2009.05.30"]

1. d4 Nf6 2. c4 e6 3. Nf3 b6 4. Nc3 Bb4 5. Qc2 Bb7 6. Bd2 O-O 7. a3 Bxc3 8.
Bxc3 d5 9. e3 Nbd7 10. Bd3 dxc4 11. Bxc4 Nd5 12. Bd3 g6 13. Bd2 c5 14. e4 Ne7
15. Bh6 Re8 16. dxc5 Nxc5 17. Bb5 Bxe4 18. Qc3 Nf5 19. Bg5 Nd3+ 20. Kf1 Qd5 21.
Bxe8 Bxf3 22. Rg1 Be4 23. Rd1 Rxe8 24. f3 Qb5 25. fxe4 Nf4+ 26. Rd3 Ne3+ 27.
Kf2 Ng4+ 28. Ke1 Nxd3+ 29. Kd2 Qxg5+ 30. Kxd3 Qe3+ 0-1

[Event "6. ODEM U25 2009"]
[Site "Willingen GER"]
[Date "2009.06.04"]
[Round "7"]
[White "Goldbeck, Daniel"]
[Black "Stark, Timo"]
[Result "0-1"]
[Termination "normal"]
[Board "28"]
[WhiteElo "1391"]
[BlackElo "1821"]
[PlyCount "40"]
[WhiteFideId "1271850"]
[BlackFideId "4670183"]
[EventCountry "GER"]
[EventRounds "9"]
[EventType "swiss"]
[EventDate "2009.05.30"]

1. Nf3 d5 2. d4 Bf5 3. Bf4 Nf6 4. e3 Nbd7 5. c4 e6 6. Nc3 Bb4 7. Be2 Ne4 8. Qb3
Bxc3+ 9. bxc3 dxc4 10. Qxb7 c5 11. Bxc4 O-O 12. Qb3 cxd4 13. cxd4 Qa5+ 14. Ke2
Bg4 15. Qd3 Ndf6 16. Rhc1 Rfd8 17. h3 Bf5 18. Qb3 Rac8 19. Qb5 Nc3+ 20. Rxc3
Qxc3 0-1

[Event "6. ODEM U25 2009"]
[Site "Willingen GER"]
[Date "2009.06.04"]
[Round "7"]
[White "Ivascu, Cosmin Alexandru"]
[Black "Popp, Maximilian"]
[Result "1/2-1/2"]
[Termination "normal"]
[Board "29"]
[WhiteElo "1891"]
[BlackElo "1704"]
[PlyCount "76"]
[WhiteFideId "24686034"]
[BlackFideId "24673668"]
[EventCountry "GER"]
[EventRounds "9"]
[EventType "swiss"]
[EventDate "2009.05.30"]

1. e4 e6 2. d3 d5 3. Qe2 Ne7 4. Bg5 c5 5. Nf3 f6 6. Bh4 e5 7. exd5 Qxd5 8. Nc3
Qc6 9. O-O-O Be6 10. Kb1 b5 11. Qe4 a6 12. Qxc6+ Nbxc6 13. Ne4 Nf5 14. Bg3
O-O-O 15. Be2 Be7 16. Rhe1 Rd7 17. Nfd2 Nxg3 18. hxg3 Rhd8 19. Nb3 Bxb3 20.
axb3 f5 21. Nc3 Nd4 22. Bf3 Nxf3 23. gxf3 Bf6 24. Rh1 h6 25. Rde1 Re7 26. Re2
Kc7 27. Rhe1 Kc6 28. Nd1 Rde8 29. Ne3 g6 30. Ng2 Kd5 31. Ne3+ Kc6 32. c4 Bg7
33. Nd5 Re6 34. Kc2 b4 35. Ra1 Kb7 36. Rae1 Kc6 37. Nf4 Rd6 38. Nd5 Rde6
1/2-1/2

[Event "6. ODEM U25 2009"]
[Site "Willingen GER"]
[Date "2009.06.04"]
[Round "7"]
[White "Fernschild, Daniel"]
[Black "Hirschberg, Leander"]
[Result "1-0"]
[Termination "normal"]
[Board "31"]
[WhiteElo "1877"]
[BlackElo "1671"]
[PlyCount "49"]
[WhiteFideId "4624513"]
[BlackFideId "24652130"]
[EventCountry "GER"]
[EventRounds "9"]
[EventType "swiss"]
[EventDate "2009.05.30"]

1. d4 d5 2. Nf3 Nf6 3. e3 e6 4. Bd3 c5 5. c3 Bd6 6. Nbd2 Nbd7 7. O-O O-O 8. Re1
e5 9. e4 Re8 10. exd5 Nxd5 11. Nc4 Qc7 12. Nxd6 Qxd6 13. dxc5 Qxc5 14. Be3 Nxe3
15. Rxe3 Nb6 16. Qe2 f6 17. Qc2 g6 18. Bxg6 hxg6 19. Qxg6+ Kf8 20. Qxf6+ Kg8
21. Nxe5 Qe7 22. Rg3+ Kh7 23. Qg6+ Kh8 24. Qh6+ Qh7 25. Nf7# 1-0

[Event "6. ODEM U25 2009"]
[Site "Willingen GER"]
[Date "2009.06.04"]
[Round "7"]
[White "Baier, Christoph"]
[Black "Ohnesorg, Felix"]
[Result "0-1"]
[Termination "normal"]
[Board "32"]
[WhiteElo "1671"]
[BlackElo "1822"]
[PlyCount "52"]
[WhiteFideId "24655759"]
[BlackFideId "24653578"]
[EventCountry "GER"]
[EventRounds "9"]
[EventType "swiss"]
[EventDate "2009.05.30"]

1. d4 Nf6 2. c4 e6 3. Nc3 d5 4. Nf3 Be7 5. Bg5 h6 6. Bh4 O-O 7. e3 b6 8. cxd5
Nxd5 9. Bxe7 Qxe7 10. Nxd5 exd5 11. Bd3 Nd7 12. O-O c5 13. Rc1 c4 14. Bb1 b5
15. Qc2 f5 16. Kh1 g5 17. Rce1 g4 18. Nd2 Qh4 19. f3 g3 20. h3 Nf6 21. e4 Nh5
22. exd5 Nf4 23. Ne4 fxe4 24. fxe4 Bxh3 25. Rxf4 Rxf4 26. gxh3 Rf2 0-1

[Event "6. ODEM U25 2009"]
[Site "Willingen GER"]
[Date "2009.06.04"]
[Round "7"]
[White "Werner, Patrick"]
[Black "Sasse, Fabius"]
[Result "1/2-1/2"]
[Termination "normal"]
[Board "33"]
[WhiteElo "1872"]
[BlackElo "1579"]
[PlyCount "90"]
[WhiteFideId "24601608"]
[BlackFideId "24659657"]
[EventCountry "GER"]
[EventRounds "9"]
[EventType "swiss"]
[EventDate "2009.05.30"]

1. d4 d5 2. c4 c6 3. Nc3 Nf6 4. Nf3 Nbd7 5. e3 e6 6. Qc2 Bd6 7. g4 Nxg4 8. Rg1
Nxh2 9. Nxh2 Bxh2 10. Rxg7 Qh4 11. cxd5 exd5 12. Bd2 Nf6 13. O-O-O Bg4 14. Qb3
Rb8 15. Be2 Bxe2 16. Nxe2 Qxf2 17. Qd3 Ne4 18. Bb4 Qf6 19. Rg2 Nf2 20. Rxf2
Qxf2 21. Nc3 Qf6 22. e4 Bf4+ 23. Kb1 Qg6 24. Re1 Kd8 25. Qf3 Qg3 26. Qd1 Bd6
27. Rg1 Qf4 28. Rf1 Qh6 29. Bxd6 Qxd6 30. exd5 cxd5 31. Rf5 Ke8 32. Nxd5 Kf8
33. Qf3 Qg6 34. Kc1 Rc8+ 35. Kd2 Rd8 36. Qe4 Qh6+ 37. Kd3 Re8 38. Qf3 Qg6 39.
Kc3 Re6 40. Qf4 Rg8 41. Kb4 a5+ 42. Ka4 Rd6 43. Rxf7+ Qxf7 44. Qxd6+ Kg7 45.
Qe5+ Kf8 1/2-1/2

[Event "6. ODEM U25 2009"]
[Site "Willingen GER"]
[Date "2009.06.04"]
[Round "7"]
[White "Neumair, Cedric"]
[Black "Orhan, Eda"]
[Result "0-1"]
[Termination "normal"]
[Board "34"]
[WhiteElo "1867"]
[BlackElo "1769"]
[PlyCount "56"]
[WhiteFideId "4698304"]
[BlackFideId "24659258"]
[EventCountry "GER"]
[EventRounds "9"]
[EventType "swiss"]
[EventDate "2009.05.30"]

1. d4 d5 2. c4 c6 3. Nf3 Nf6 4. Nc3 e6 5. cxd5 exd5 6. Bg5 Be7 7. e3 Bf5 8. Bd3
Bxd3 9. Qxd3 Nbd7 10. O-O O-O 11. Rab1 a5 12. Rfc1 Nb6 13. Nd2 Re8 14. Bxf6
Bxf6 15. b4 axb4 16. Rxb4 Qc7 17. Rcb1 Ra6 18. Nb3 Nc4 19. Nc5 Rb6 20. N3a4
Rxb4 21. Rxb4 b6 22. Ne4 Be7 23. Rb1 b5 24. Nec5 bxa4 25. Rb7 Qa5 26. g3 Bxc5
27. dxc5 Qxc5 28. Qf5 Rf8 0-1

[Event "6. ODEM U25 2009"]
[Site "Willingen GER"]
[Date "2009.06.04"]
[Round "7"]
[White "Stark, Sven"]
[Black "Plumbaum, Nadja"]
[Result "1/2-1/2"]
[Termination "normal"]
[Board "35"]
[WhiteElo "1763"]
[BlackElo "1667"]
[PlyCount "44"]
[WhiteFideId "4670124"]
[BlackFideId "24691941"]
[EventCountry "GER"]
[EventRounds "9"]
[EventType "swiss"]
[EventDate "2009.05.30"]

1. e4 c5 2. Nf3 e6 3. c3 Nf6 4. e5 Nd5 5. d4 cxd4 6. cxd4 d6 7. Be2 Bd7 8. O-O
Bc6 9. Nc3 Nd7 10. Bg5 Be7 11. Bxe7 Qxe7 12. Nb5 dxe5 13. dxe5 O-O 14. Nbd4
Rac8 15. Rc1 Nf4 16. Nxc6 Rxc6 17. Rxc6 bxc6 18. Qd2 Ng6 19. Qd6 Ndxe5 20. Qxe7
Nxf3+ 21. Bxf3 Nxe7 22. Rc1 Rc8 1/2-1/2

[Event "6. ODEM U25 2009"]
[Site "Willingen GER"]
[Date "2009.06.04"]
[Round "7"]
[White "Jorczik, Andreas"]
[Black "Matschewsky, Justus"]
[Result "0-1"]
[Termination "normal"]
[Board "36"]
[WhiteElo "1792"]
[BlackElo "1658"]
[PlyCount "48"]
[WhiteFideId "24634921"]
[BlackFideId "24678708"]
[EventCountry "GER"]
[EventRounds "9"]
[EventType "swiss"]
[EventDate "2009.05.30"]

1. d4 Nf6 2. c4 e6 3. Nc3 Bb4 4. Nf3 c5 5. e3 d6 6. Bd2 O-O 7. a3 Bxc3 8. Bxc3
Ne4 9. Qc2 Nxc3 10. Qxc3 b6 11. g3 Bb7 12. Bg2 Qf6 13. O-O Bxf3 14. Bxf3 Qxf3
15. b4 Nd7 16. Rfd1 Nf6 17. bxc5 Ne4 18. Qc2 bxc5 19. dxc5 dxc5 20. Rd7 Ng5 21.
Rad1 Nh3+ 22. Kf1 Qh1+ 23. Ke2 Qxh2 24. Kd3 Nxf2+ 0-1

[Event "6. ODEM U25 2009"]
[Site "Willingen GER"]
[Date "2009.06.04"]
[Round "7"]
[White "Kulling, Markus"]
[Black "Bachem, Sabrina"]
[Result "1/2-1/2"]
[Termination "normal"]
[Board "37"]
[WhiteElo "1451"]
[BlackElo "1599"]
[PlyCount "95"]
[WhiteFideId "24698911"]
[EventCountry "GER"]
[EventRounds "9"]
[EventType "swiss"]
[EventDate "2009.05.30"]

1. d4 Nf6 2. Nf3 d5 3. e3 e6 4. c4 c6 5. Nc3 Nbd7 6. Bd3 Be7 7. Qe2 O-O 8. O-O
a6 9. cxd5 cxd5 10. e4 dxe4 11. Nxe4 b5 12. Qc2 Bb7 13. Neg5 h6 14. Nh3 Qb6 15.
Be3 Qd6 16. Nf4 g5 17. Ne2 Bxf3 18. gxf3 Rac8 19. Qd2 Qd5 20. h4 Kh8 21. hxg5
hxg5 22. Kg2 g4 23. Rh1+ Kg8 24. Ng1 gxf3+ 25. Nxf3 Ne4 26. Qd1 f5 27. Qg1 Kf7
28. Rh7+ Ke8 29. Kf1 Ndf6 30. Qg6+ Kd8 31. Rf7 Rxf7 32. Qxf7 Ng4 33. Bf4 Nd6
34. Bxd6 Bxd6 35. Ke2 Be7 36. b3 Kd7 37. Rh1 Rf8 38. Qg7 Nf6 39. Rh8 Rxh8 40.
Qxh8 Ne4 41. Ne5+ Kc7 42. Qe8 Qd6 43. Ke3 Nc3 44. Qa8 Bg5+ 45. f4 Nd5+ 46. Kf3
Bxf4 47. Qa7+ Kc8 48. Qa8+ 1/2-1/2

[Event "6. ODEM U25 2009"]
[Site "Willingen GER"]
[Date "2009.06.04"]
[Round "7"]
[White "Kuckling, Jonas"]
[Black "Neumair, Dorian"]
[Result "1-0"]
[Termination "normal"]
[Board "38"]
[WhiteElo "1539"]
[BlackElo "1340"]
[PlyCount "43"]
[WhiteFideId "24603856"]
[EventCountry "GER"]
[EventRounds "9"]
[EventType "swiss"]
[EventDate "2009.05.30"]

1. d4 d5 2. c4 e6 3. Nc3 Nf6 4. Nf3 c6 5. Bg5 Nbd7 6. e3 Qa5 7. a3 Be7 8. Rc1
O-O 9. Bd3 Re8 10. O-O dxc4 11. Bxc4 b5 12. Ba2 Bb7 13. Bb1 Rac8 14. Ne5 Rcd8
15. Qc2 g6 16. Rfd1 Nxe5 17. dxe5 Rxd1+ 18. Rxd1 b4 19. exf6 Qxg5 20. Ne4 Qg4
21. fxe7 f5 22. Nf6+ 1-0